| 000 | 004400000a22001690004500 | ||
|---|---|---|---|
| 003 | MACL | ||
| 005 | 20160109122639.0 | ||
| 008 | 160109b xxu||||| |||| 00| 0 eng d | ||
| 040 |
_aMACL _cMACL |
||
| 041 | _aEnglish | ||
| 082 | _a920/SEN | ||
| 100 |
_aSenior, Dorothy _930265 |
||
| 245 |
_aThe Gay King _bCharles 2 His Court and Times |
||
| 260 |
_bStanley Paul & co Ltd _aLondon |
||
| 650 |
_aBiography _930266 |
||
| 942 |
_cBK _k920/SEN _2ddc |
||
| 999 |
_c38436 _d38436 |
||